| 000 | 01019nam a22002417a 4500 | ||
|---|---|---|---|
| 003 | OSt | ||
| 005 | 20250819150233.0 | ||
| 008 | 241007b |||||||| |||| 00| 0 eng d | ||
| 040 | _c0 | ||
| 082 | _aDPer 613.705 J826 January-December 2020 v. 91 n. 1-9 | ||
| 100 |
_aMcWilliams, Stephanie R. _eauthor. _962479 |
||
| 245 |
_aThe fit family challenge : _bcounty-wide, web-based physical activity initiative / _cStephanie R. McWilliams, Sean Bulger, Adam Keath, and Eloise Elliott. |
||
| 260 |
_aVirginia ; _bAmerican Alliance for Health , _cMarch 2020. |
||
| 300 |
_aVolume 91, pages 35-39 : _billustration ; _c28 cm. |
||
| 500 | _aThe Journal of Physical Education Recreation & Dance, vol. 91, no. 3, pages 35-39, March 2020. | ||
| 650 | 0 |
_aPhysical activity. _951436 |
|
| 650 | 0 |
_aFamily Health. _924138 |
|
| 700 |
_aMcWilliams, Stephanie R. _eauthor. _962479 |
||
| 700 |
_aBulger, Sean. _eauthor. _966940 |
||
| 700 |
_aKeath, Adam. _eauthor. _966941 |
||
| 700 |
_aElliot, Eloise. _eauthor. _966942 |
||
| 942 |
_2ddc _cPER |
||
| 999 |
_c22320 _d22320 |
||